000 00558nam a2200193Ia 4500
005 20260120124606.0
008 008 260114s9999 xx 000 0 eng d
020 _a9781849506076
037 _aEBOOK
040 _aCRL
_beng
_cCRL
041 _aeng
_2eng
084 _qCRL
100 _aBernard Enjolras
_9908156
245 0 _aCivil Society in Comparative Perspective
260 _bEmerald Publishing
_c2009
856 _uhttps://www.emerald.com/insight/publication/doi/10.1108/S0195-6310(2009)26
942 _cEBOOK
999 _c1500045
_d1500045